000 00357 a2200145 4500
001 185266
020 _a
040 _cMagnum
100 _aRegina, Tia
240 1 0 _aO boi das aspas de ouro / o gavião e a raposa
_lpor
245 1 0 _aO boi das aspas de ouro / o gavião e a raposa
300 _a15
697 _aLITERATURA INFANTO-JUVENIL
942 _cBK
999 _c185266
_d185266